|
|
|
|
| LEADER |
01773nam a2200361 a 4500 |
| 001 |
00022344 |
| 008 |
110420s2007 bg w 000 0 mul d |
| 040 |
|
|
|a BD-DhAAL
|c BD-DhAAL
|
| 041 |
|
|
|a Eng
|a Ben
|
| 082 |
0 |
0 |
|a 348.5492/046
|2 22
|
| 999 |
|
|
|c 10746
|d 10746
|
| 999 |
|
|
|c 10746
|
| 999 |
|
|
|c 10746
|
| 130 |
0 |
|
|a DLR
|9 4103
|
| 245 |
0 |
4 |
|a The Dhaka law reports :
|b a monthly law journal,
|c Founder editor, Obaidul Huq Chowdhury, editor, Shahabuddin Ahmed,
|n volume no. 59
|
| 246 |
1 |
7 |
|a The Dhaka Law Reports.
|
| 260 |
|
|
|a Dhaka :
|b Dhaka Law Reports,
|c 2007
|
| 300 |
|
|
|a Various pagings :
|c 25 cm.
|
| 362 |
0 |
|
|a Vol.LIX,2007
|
| 500 |
|
|
|a Cit. 59 DLR(AD);59 DLR etc.
|
| 500 |
|
|
|a "A journal of law reports."
|
| 541 |
|
|
|e 00022344
|
| 590 |
|
|
|a Published yearly.
|
| 650 |
|
0 |
|a Law reports, digests, etc.
|z Bangladesh.
|9 4104
|
| 700 |
1 |
|
|a Chowdhury, Obaidul Haque.
|9 1137
|
| 700 |
1 |
|
|a Chaudhury, A. Muntaquim.
|9 4056
|
| 700 |
1 |
|
|a Ahmad, Shahabuddin.
|9 4057
|
| 852 |
4 |
|
|a Ayesha Abed Library
|j General shelf
|
| 942 |
|
|
|2 ddc
|c 1HOUR
|0 1
|
| 952 |
|
|
|0 0
|1 0
|2 ddc
|4 0
|6 348_549204600000000_DHA
|7 0
|8 REF
|9 16164
|a BRACUL
|b BRACUL
|c REF
|d 2011-04-20
|l 21
|o 348.5492046 DHA
|p 3010022344
|r 2019-04-03
|s 2019-04-03
|t 1
|w 2011-04-20
|y 1HOUR
|x Available
|
| 952 |
|
|
|0 0
|1 0
|2 ddc
|4 0
|6 348_549204600000000_DHA
|7 0
|8 REF
|9 20123
|a BRACUL
|b BRACUL
|c REF
|d 2012-05-02
|l 2
|o 348.5492046 DHA
|p 3010024461
|r 2014-03-11
|s 2014-03-11
|t 2
|w 2012-05-02
|y 1HOUR
|
| 952 |
|
|
|0 0
|1 0
|2 ddc
|4 0
|6 348_549204600000000_DHA
|7 0
|8 REF
|9 24017
|a BRACUL
|b BRACUL
|c REF
|d 2014-03-24
|l 6
|o 348.5492046 DHA
|p 3010020944
|r 2020-03-12
|s 2020-03-12
|t 3
|w 2014-03-24
|y 1HOUR
|
| 952 |
|
|
|0 0
|1 0
|2 ddc
|4 0
|6 348_549200000000000_046_DHA
|7 0
|8 REF
|9 54134
|a BRACUL
|b BRACUL
|c REF
|d 2015-06-08
|g 994.00
|l 12
|o 348.5492046 DHA
|p 3010029162
|r 2020-03-12
|s 2020-03-12
|t 4
|w 2015-06-08
|y 1HOUR
|